000
00289nam a2200121Ia 4500
005
20251222125349.0
008
251222s1900||||xx |||||||||||||| ||spa||
020
_a
88-17-11118-X
082
_a
828.9/E41C/1994
100
_a
"Eliot, Thomas Stearns"
245
0
_a
Cori da la rocca
942
_c
CD
999
_c
2676
_d
2676